Minnesota Vikings All Time Team - Statistics

General Stats
  • This quiz has been taken 116 times
  • The average score is 21 of 53
Answer Stats
Hint Answer % Correct
WR Randy Moss
97%
QB Fran Tarkenton
96%
RB Adrian Peterson
92%
WR Justin Jefferson
90%
QB Kirk Cousins
90%
WR Cris Carter
89%
WR Anthony Carter
87%
QB Daunte Cullpepper
82%
S Harrison Smith
81%
RB Robert Smith
80%
DT Alan Page
63%
TE Kyle Rudolph
63%
WR Adam Thielen
62%
DE Jared Allen
54%
DE Danielle Hunter
47%
S Paul Krause
47%
RB Chuck Foreman
43%
DT John Randle
43%
LB Eric Kendricks
40%
G Randall McDaniel
40%
S Robert Griffin
39%
CB Xavier Rhodes
39%
LB Anthony Barr
36%
DE Jim Marshall
34%
WR Ahmad Rashad
33%
DE Carl Eller
32%
KR Cordarrelle Patterson
32%
DT Kevin Williams
32%
CB Antoine Winfield
30%
LB Chad Greenway
29%
FB Bill Brown
27%
DE Chris Doleman
24%
TE Steve Jordan
24%
G Ed White
23%
C Matt Birk
22%
G Steve Hutchinson
22%
C MIck Tinglehoff
19%
T Ron Yary
19%
CB Nate Wright
18%
S Joey Browner
13%
DT Keith Millard
13%
PR Marcus Sherels
13%
T Gary Zimmerman
12%
LB Matt Blair
12%
K Ryan Longwell
12%
LB Scott Studwell
12%
CB Carl Lee
10%
TE Jim Kleinsasser
10%
P Chris Kluwe
9%
CB Bobby Bryant
8%
T Grady Alderman
4%
LB Jeff Siemon
3%
LS Cullen Loeffler
1%
No matching quizzes found
Score Distribution
Percent of People with Each Score
Percentile by Number Answered
Your Score History
You have not taken this quiz